000
00185 a2200097 4500
020
_a
9780822566298
041
_a
spa
100
_a
Sandra Markle
245
_a
Los Cocodrilos
942
_c
BK
999
_c
14138
_d
14138